Gestió del risc ambiental : elaboració de plans de protecció civil elaboració de plans de protecció civil
Descripción Física:
132 pàgines ; 30 cm
Idioma:
Catalán
MARC
| LEADER | 00000nam a2200000uc 4500 | ||
|---|---|---|---|
| 001 | 27014815 | ||
| 008 | s2006||||sp ||||gr|||| ||| ||cat|d | ||
| 040 | |a BGR |b cat | ||
| 245 | 0 | 0 | |a Gestió del risc ambiental : |b elaboració de plans de protecció civil |
| 260 | |a Barcelona : |b Diputació. Xarxa de Municipis, |c 2006 | ||
| 300 | |a 132 pàgines ; |c 30 cm | ||
| 650 | 1 | 0 | |a Protecció civil |x Planificació |9 8809 |
| 650 | 1 | 0 | |a Desenvolupament sostenible |x Aspectes ambientals |9 53647 |
| 710 | 1 | |a Barcelona (Catalunya : Província). |b Diputació |9 52408 | |
| 942 | |c ARXIU |2 udc |n 1 | ||
| 952 | |0 0 |1 0 |4 0 |7 1 |9 62567 |a Arxiu |b Arxiu |d 2022-06-29 |o Bib-725 |p 26085 |r 2022-06-29 00:00:00 |w 2022-06-29 |y ARXIU |z Donatiu BGR | ||
| 999 | |c 20446 |d 20446 | ||